Fundamental accounting principles / (Record no. 2009)

MARC details
000 -LEADER
fixed length control field 00738cam a22002412 4500
001 - CONTROL NUMBER
control field 0000002517
005 - DATE AND TIME OF LATEST TRANSACTION
control field 20151217145729.0
008 - FIXED-LENGTH DATA ELEMENTS--GENERAL INFORMATION
fixed length control field 070412s xx 000 0 eng d
020 ## - INTERNATIONAL STANDARD BOOK NUMBER
International Standard Book Number 0256255342 :
040 ## - CATALOGING SOURCE
Original cataloging agency KABU
Transcribing agency KABU
050 #0 - LIBRARY OF CONGRESS CALL NUMBER
Classification number HF5635
Item number .L37 1999
100 1# - MAIN ENTRY--PERSONAL NAME
Personal name Larson, Kermit D.
-- 0000111383
245 10 - TITLE STATEMENT
Title Fundamental accounting principles /
Statement of responsibility, etc. Kermit D. Larson, John J. Wild, Barbara Chiappetta.
250 ## - EDITION STATEMENT
Edition statement 15th ed.
260 ## - PUBLICATION, DISTRIBUTION, ETC. (IMPRINT)
Place of publication, distribution, etc. Boston :
Name of publisher, distributor, etc. Irwin,
Date of publication, distribution, etc. 1999.
300 ## - PHYSICAL DESCRIPTION
Extent xxxii, 1136, [165] p.
650 #0 - SUBJECT ADDED ENTRY--TOPICAL TERM
Topical term or geographic name as entry element Accounting.
-- 0000148321
700 1# - ADDED ENTRY--PERSONAL NAME
Personal name Wild, John J.
-- 0000151486
700 1# - ADDED ENTRY--PERSONAL NAME
Personal name Chiappetta, Barbara.
-- 0000151895
908 ## - PUT COMMAND PARAMETER (RLIN)
Put command parameter 070412
950 ## - LOCAL HOLDINGS (RLIN)
-- 1
Holdings
Withdrawn status Lost status Source of classification or shelving scheme Not for loan Home library Current library Date acquired Total Checkouts Full call number Barcode Date last seen Date last checked out Price effective from Koha item type Total Renewals
    Library of Congress Classification   Kabarak, Main Campus Kabarak, Main Campus 17/12/2015 1 HF5635 .L37 1999 c.2 002653 02/08/2024 15/07/2016 17/12/2015 General Collection  
    Library of Congress Classification   Kabarak, Main Campus Kabarak, Main Campus 17/12/2015 2 HF5635 .L37 1999 002652 02/08/2024 15/11/2019 17/12/2015 General Collection  
    Library of Congress Classification   Kabarak, Main Campus Kabarak, Main Campus 17/12/2015 2 HF5635 .L37 1999 002654 02/08/2024 12/11/2019 17/12/2015 General Collection 1
Designed with assistance from East African Informatics Ltd